00398nam a2200181Ia 4500003000900000008004100009040001300050040001300063041000800076100002900084245002800113250001100141260002100152260000900173300000800182490002000190490000600210IT-RoPAU120407s9999 xx 000 0 und d aIT-RoPAU cIT-RoPAU aita aMaria Castiglione Humani aEva Lavallière. 5 ed. aModena aEdizioni Paoline c1950 c cm aBiogr. Cont. 16 v1